Culture Générale - Série 2145 - Statistiques

Statistiques générales
  • Ce quiz a été pris 109 fois
    93 depuis la dernière actualisation
  • Le résultat moyen est 5 sur 10
Statistiques - réponses
Question Réponse % Correct
Quelle a été la 1ère femme maire de Paris ? prénom et nom Anne Hidalgo
82%
Quel groupe parisien a chanté "La tribu de Dana" en 1998 ? Manau
69%
Quelle ville a été construite sur les ruines de la cité aztèque de Teotihuacan ? Mexico
67%
Quelle est la capitale du Kazakhstan ? Noursoultan
66%
Quelle est la nationalité de l'actrice Cate Blanchett ? australienne
55%
Sous quel nom connait-on mieux Euphrasie, personnage des "Misérables" de Victor Hugo ? Cosette
52%
Quel pays a organisé la coupe du monde de football en 1962 ? Chili
26%
Comment s'appelle l'animal de la cordillère des Andes représenté sur la photographie ? vigogne
17%
Sous quel nom connait-on mieux l'acteur américain Issur Danielovitch Demsky, né en 1916 ? Kirk Douglas
16%
Sous quel prénom et nom connait-on mieux la femme de lettres Anne-José Bénard (1928-2010) ? Cécile Aubry
0%
Aucun quiz correspondant
Distribution des résultats
% des personnes avec chaque résultat
Percentile par nombre de réponses
Votre historique - résultats
Vous n’avez pas pris ce quiz depuis la dernière actualisation